Busiest airports in the Balkans - Statistics

General Stats
  • This quiz has been taken 192 times
  • The average score is 12 of 15
Answer Stats
Country City % Correct
Greece Athens
99%
Bulgaria Sofia
99%
Croatia Zagreb
99%
Serbia Belgrade
98%
Albania Tirana
95%
Greece Thessaloniki
93%
Croatia Split
85%
Croatia Dubrovnik
84%
Bulgaria Varna
81%
Greece Heraklion
76%
Greece Rhodes
65%
Bulgaria Burgas
64%
Greece Corfu
57%
Greece Chania
42%
Greece Kos
36%
No matching quizzes found
Score Distribution
Percent of People with Each Score
Percentile by Number Answered
Your Score History
You have not taken this quiz